| 000 | 00497nam a2200157 a 4500 | ||
|---|---|---|---|
| 001 | 000029775 | ||
| 005 | 20200930055810.0 | ||
| 008 | 110425s2007 dr 000 0 spa d | ||
| 020 | _a9789945860702 | ||
| 040 |
_aDO-SdBNP _bspa _cBNPHU |
||
| 082 |
_axxx _bI59r |
||
| 110 | 2 |
_aInstituto Dominicano de Investigaciones Agropecuarias y Forestales (IDIAF) _91546 |
|
| 245 | 1 | 0 | _aResúmenes de investigación en protección vegetal. |
| 260 |
_aSanto Domingo : _bIDIAF, _c2007. |
||
| 300 |
_a28 p. ; _c28 cm. |
||
| 999 |
_c29267 _d29267 |
||